The iceberg hermit / (Record no. 7774)
[ view plain ]
| 000 -LEADER | |
|---|---|
| fixed length control field | 00933nam a22002897a 4500 |
| 001 - CONTROL NUMBER | |
| control field | 7774 |
| 003 - CONTROL NUMBER IDENTIFIER | |
| control field | FISKH |
| 005 - DATE AND TIME OF LATEST TRANSACTION | |
| control field | 20250805160654.0 |
| 008 - FIXED-LENGTH DATA ELEMENTS--GENERAL INFORMATION | |
| fixed length control field | 250805b cb ||||| |||| 00| 0 eng d |
| 020 ## - INTERNATIONAL STANDARD BOOK NUMBER | |
| International Standard Book Number | 9780590441124 |
| 040 ## - CATALOGING SOURCE | |
| Original cataloging agency | FISKH |
| Language of cataloging | eng |
| Transcribing agency | FISKH |
| Modifying agency | FISKH |
| 050 ## - LIBRARY OF CONGRESS CALL NUMBER | |
| Classification number | PZ7.R727 I |
| 082 ## - DEWEY DECIMAL CLASSIFICATION NUMBER | |
| Classification number | 919.8 |
| 100 ## - MAIN ENTRY--PERSONAL NAME | |
| Personal name | Roth, Arthur |
| Dates associated with a name | (1926–1993) |
| 245 ## - TITLE STATEMENT | |
| Title | The iceberg hermit / |
| Statement of responsibility, etc. | Arthur Roth |
| 250 ## - EDITION STATEMENT | |
| Edition statement | This edition first published in 1974 |
| 260 ## - PUBLICATION, DISTRIBUTION, ETC. | |
| Place of publication, distribution, etc. | New York : |
| Name of publisher, distributor, etc. | Scholastic, |
| Date of publication, distribution, etc. | 1974 |
| 300 ## - PHYSICAL DESCRIPTION | |
| Extent | 219 pages : |
| Dimensions | 18 cm |
| 505 ## - FORMATTED CONTENTS NOTE | |
| Formatted contents note | Z<br/> |
| 520 ## - SUMMARY, ETC. | |
| Summary, etc. | Shipwrecked in 1757 on an iceberg in the Arctic seas with only an orphaned polar cub for companionship, seventeen-year-old Allan begins a seemingly hopeless struggle for survival.<br/> |
| 521 8# - TARGET AUDIENCE NOTE | |
| Target audience note | 1060<br/> |
| Source | Lexile<br/> |
| 521 8# - TARGET AUDIENCE NOTE | |
| Target audience note | Z<br/> |
| Source | Raz-Plus<br/> |
| 650 ## - SUBJECT ADDED ENTRY--TOPICAL TERM | |
| Source of heading or term | Survival |
| Topical term or geographic name entry element | Adventure |
| 650 ## - SUBJECT ADDED ENTRY--TOPICAL TERM | |
| Source of heading or term | Shipwrecks |
| Topical term or geographic name entry element | Historical fiction |
| 942 ## - ADDED ENTRY ELEMENTS (KOHA) | |
| Source of classification or shelving scheme | Dewey Decimal Classification |
| Koha item type | Books |
| Suppress in OPAC | No |
| Withdrawn status | Lost status | Source of classification or shelving scheme | Damaged status | Not for loan | Collection | Home library | Current library | Shelving location | Date acquired | Total Checkouts | Full call number | Barcode | Date last seen | Copy number | Price effective from | Koha item type |
|---|---|---|---|---|---|---|---|---|---|---|---|---|---|---|---|---|
| Dewey Decimal Classification | Fiction | Footprints International School Library Network Toul Tom Poung Campus | Footprints International School Library Network Toul Tom Poung Campus | TTP Secondary Fiction Bookshelves | 08/05/2025 | ROT 919.8 PZ7.R727 I | 2025-3837 | 08/05/2025 | 1 | 08/05/2025 | Books |
